Lathar v Sandwell Metropolitan District Council (Record no. 80768)
[ view plain ]
| 000 -LEADER | |
|---|---|
| fixed length control field | 01499cab a22002055a 4500 |
| 001 - CONTROL NUMBER | |
| control field | L145300 |
| 008 - FIXED-LENGTH DATA ELEMENTS--GENERAL INFORMATION | |
| fixed length control field | 080924e20071026xxk f v 000 0 eng d |
| 035 ## - SYSTEM CONTROL NUMBER | |
| System control number | (Sirsi) u145300 |
| 041 0# - LANGUAGE CODE | |
| Language code of text/sound track or separate title | eng |
| 245 00 - TITLE STATEMENT | |
| Title | Lathar v Sandwell Metropolitan District Council |
| Medium | [electronic resource] |
| 260 ## - PUBLICATION, DISTRIBUTION, ETC. | |
| Date of publication, distribution, etc. | 2008 |
| 520 ## - SUMMARY, ETC. | |
| Summary, etc. | [2007] EWLands ACQ_145_2006, 26 October 2007. The court had to decide the amount of compensation due to a claimant (L) for land taken under a compulsory purchase order by the acquiring local authority (S). The property was a retail outlet from which L had ceased trading, except for 16 days before the date of possession. L claimed for the loss of goodwill and other disturbance items. At issue was the compensation payable, and whether disturbance compensation was payable, and if so, the amount. Held: L's claim had been substantially overstated. Compensation was thus ordered at the level assessed by the local authority. The claim for goodwill failed because trading had ceased long before the valuation date and re-commencing trading would not create goodwill. |
| 590 ## - LOCAL NOTE (RLIN) | |
| Local note | KA |
| 650 24 - SUBJECT ADDED ENTRY--TOPICAL TERM | |
| Topical term or geographic name entry element | LATHAR V SANDWELL METROPOLITAN DISTRICT COUNCIL |
| 650 24 - SUBJECT ADDED ENTRY--TOPICAL TERM | |
| Topical term or geographic name entry element | LAND COMPENSATION ACT 1961 |
| 651 #4 - SUBJECT ADDED ENTRY--GEOGRAPHIC NAME | |
| Geographic name | England and Wales |
| Chronological subdivision | 1543- |
| 690 ## - LOCAL SUBJECT ADDED ENTRY--TOPICAL TERM (OCLC, RLIN) | |
| Topical term or geographic name as entry element | ENVIRONMENTAL AND LAND CONSULTANCY-PLANNING AND DEVELOPMENT-COMPULSORY PURCHASE AND COMPENSATION |
| 856 40 - ELECTRONIC LOCATION AND ACCESS | |
| Uniform Resource Identifier | <a href="https://www.bailii.org/ew/cases/EWLands/2007/ACQ_145_2006.html">https://www.bailii.org/ew/cases/EWLands/2007/ACQ_145_2006.html</a> |
| Public note | View the case free of charge at www.bailii.org... |
| 942 ## - ADDED ENTRY ELEMENTS (KOHA) | |
| Suppress in OPAC | 0 |
| Withdrawn status | Lost status | Source of classification or shelving scheme | Damaged status | Not for loan | Home library | Current library | Shelving location | Date acquired | Total Checkouts | Full call number | Barcode | Date last seen | Copy number | Price effective from | Koha item type |
|---|---|---|---|---|---|---|---|---|---|---|---|---|---|---|---|
| Dewey Decimal Classification | Virtual | Virtual | Online | 24/09/2008 | ONLINE PUBLICATION | 145300-1001 | 06/08/2019 | 1 | 06/08/2019 | Law report |